000 00790cam a2200241 a 4500
001 000010100
005 20200929161837.0
008 780426s1974 ve 001 0 spa
035 _a(DLC) 78344301
040 _aDO-SdBNP
_cDLC
_dBNPHU
082 _aV862.44
_bC545t
100 1 _aChocrón, Isaac E.,
_d1932-
_922454
245 1 0 _aTeatro /
_cIsaac Chocrón ; selección y prólogo de Francisco Rivera.
260 _aCaracas :
_bMonte Ávila,
_cc1974.
300 _a277 p. ;
_c18 cm.
490 1 _aEstudios
_aTeatro
505 0 _aEl quinto infierno--Animales feroces--Asia y el Lejano Oriente.
650 4 _aTeatro venezolano
_923074
650 4 _aLiteratura venezolana
_ySIGLO XX
_99777
830 0 _aEstudios,
_pteatro.
_925086
910 _aCatalogación por copia / LC
049 _aBNGR
999 _c9859
_d9859